Naqoosh-e-Irfan / (Record no. 533966)

000 -LEADER
fixed length control field 00418nam a22001577a 4500
003 - CONTROL NUMBER IDENTIFIER
control field NUST
038 ## - RECORD CONTENT LICENSOR
Staff Name waseem
082 ## - DEWEY DECIMAL CLASSIFICATION NUMBER
Classification number 891.4391
Author Mark BAQ
100 ## - MAIN ENTRY--PERSONAL NAME
Personal name Baqar, Syed Ali
9 (RLIN) 28043
245 ## - TITLE STATEMENT
Title Naqoosh-e-Irfan /
Statement of responsibility, etc. Syed Ali Baqar
260 ## - PUBLICATION, DISTRIBUTION, ETC.
Place of publication, distribution, etc. Karachi :
Name of publisher, distributor, etc. Writers Book Foundation,
Date of publication, distribution, etc. 2010.
300 ## - PHYSICAL DESCRIPTION
Extent 95 p.
880 ## - ALTERNATE GRAPHIC REPRESENTATION
Linkage 100-01\r
Title سید علی باقر
880 ## - ALTERNATE GRAPHIC REPRESENTATION
Linkage 245-02\r
Title نقوشِ عرفان
942 ## - ADDED ENTRY ELEMENTS (KOHA)
Source of classification or shelving scheme
Koha item type Book
Holdings
Withdrawn status Lost status Source of classification or shelving scheme Damaged status Not for loan Permanent Location Current Location Shelving location Date acquired Source of acquisition Total Checkouts Full call number Barcode Date last seen Price effective from Koha item type
          Central Library (CL) Central Library (CL) Urdu Literature 01/26/2020 Donation   891.4391 BAQ CL-D-858 01/26/2020 01/26/2020 Book
© 2023 Central Library, National University of Sciences and Technology. All Rights Reserved.